Los Tormentos de la materia: aportes para una ecología política latinoamericana /

Պահպանված է:
Մատենագիտական մանրամասներ
Հիմնական հեղինակ: Alimonda, Héctor
Այլ հեղինակներ: comp
Ձևաչափ: Տեքստ
Հրապարակվել է: Buenos Aires: CLACSO
Խորագրեր:
Ցուցիչներ: Ավելացրեք ցուցիչ
Չկան պիտակներ, Եղեք առաջինը, ով նշում է այս գրառումը!

MARC

LEADER 00000 a a2200000 04500
001 33478
003
040
020 |a 987-1183-37-2  
090 |a 1001 A411t  
100 |a Alimonda, Héctor  
245 |a Los Tormentos de la materia: aportes para una ecología política latinoamericana /  |c Héctor Alimonda 
260 |a Buenos Aires:   |b CLACSO  
300 |a 274 p.  
650 |a ECOLOGIA  
650 |a POLITICA  
650 |a MARXISMO  
650 |a HISTORIA SOCIAL  
650 |a AMERICA LATINA  
700 |a comp.  
999 |c 13668  |d 13668